000 00783cab a2200253 4500
001 WB3110-17
008 090401t1995 xxu||||| |||| 00| 0 eng d
035 _a(Sirsi) u22538
041 _aeng
245 _aLabour proposals for local authorities
260 _c1995
350 _a0
490 _aFinancial Times
_v7 March 1995, 9
520 _aLocal authorities would be given powers to sell services and undertake joint ventures with the private sector under Labour proposals released in a consultation paper.
650 _aCAPITAL PROJECTS
650 _aCOMMUNITY INITIATIVE
650 _aJOINT VENTURES
650 _aLABOUR PARTY
650 _aLOCAL AUTHORITIES
650 _aPRIVATE SECTOR
690 _aECONOMIC AND SOCIAL
942 _n0
948 _c04/03/1997
999 _c15104
_d15104